[Event "DEM U14 2019"]
[Site "Willingen GER"]
[Date "2019.06.12"]
[Round "5"]
[White "Bethke, Richard"]
[Black "Pubantz, Jan"]
[Result "1-0"]
[Termination "normal"]
[Board "2"]
[WhiteElo "2246"]
[BlackElo "2192"]
[WhiteClock "00:02:55"]
[BlackClock "00:00:56"]
[PlyCount "83"]
[WhiteFideId "12959243"]
[BlackFideId "12996114"]
[EventCountry "GER"]
[EventRounds "9"]
[EventType "swiss"]
[EventDate "2019.06.08"]

1. e4 {[%clk 1:30:57]} 1... c6 {[%clk 1:30:55]} 2. d4 {[%clk 1:31:02]} 2... d5
{[%clk 1:31:19]} 3. e5 {[%clk 1:31:29]} 3... Bf5 {[%clk 1:31:07]} 4. h4 { [%clk
1:31:45]} 4... h5 {[%clk 1:30:46]} 5. Bd3 {[%clk 1:32:01]} 5... Qd7 { [%clk
1:27:21]} 6. Ne2 {[%clk 1:26:45]} 6... Bxd3 {[%clk 1:24:09]} 7. Qxd3 { [%clk
1:27:02]} 7... e6 {[%clk 1:24:18]} 8. Nbc3 {[%clk 1:25:25]} 8... c5 { [%clk
1:17:28]} 9. dxc5 {[%clk 1:24:45]} 9... Nc6 {[%clk 1:05:45]} 10. Nd4 { [%clk
1:19:27]} 10... Bxc5 {[%clk 0:59:19]} 11. Nxc6 {[%clk 1:17:15]} 11... bxc6
{[%clk 0:59:06]} 12. Na4 {[%clk 1:14:49]} 12... Be7 {[%clk 0:52:31]} 13. Be3
{[%clk 1:00:05]} 13... Nh6 {[%clk 0:50:55]} 14. f3 {[%clk 0:51:36]} 14... Qd8
{[%clk 0:45:13]} 15. Qa6 {[%clk 0:46:51]} 15... Qc8 {[%clk 0:33:24]} 16. Qxc8+
{[%clk 0:44:29]} 16... Rxc8 {[%clk 0:33:49]} 17. Bc5 {[%clk 0:44:00]} 17... Rb8
{[%clk 0:30:13]} 18. Kd2 {[%clk 0:29:13]} 18... Rb5 {[%clk 0:26:13]} 19. Bf2
{[%clk 0:09:23]} 19... Kd7 {[%clk 0:18:55]} 20. b3 {[%clk 0:08:49]} 20... Nf5
{[%clk 0:18:06]} 21. Bxa7 {[%clk 0:07:02]} 21... c5 {[%clk 0:10:56]} 22. Rac1
{[%clk 0:04:49]} 22... Kc6 {[%clk 0:07:31]} 23. c4 {[%clk 0:00:57]} 23... dxc4
{[%clk 0:03:38]} 24. Rxc4 {[%clk 0:01:04]} 24... Rd8+ { [%clk 0:03:24]} 25. Kc3
{[%clk 0:00:34]} 25... Ra8 {[%clk 0:01:28]} 26. Bxc5 { [%clk 0:00:37]} 26...
Bxc5 {[%clk 0:01:47]} 27. Rd1 {[%clk 0:00:34]} 27... Raa5 {[%clk 0:00:41]} 28.
Rd8 {[%clk 0:00:58]} 28... Kb7 {[%clk 0:00:36]} 29. Rd7+ { [%clk 0:01:25]}
29... Ka6 {[%clk 0:00:41]} 30. Rxf7 {[%clk 0:01:35]} 30... Bb6 31. Rc8 {[%clk
0:01:03]} 31... Rc5+ {[%clk 0:00:34]} 32. Nxc5+ {[%clk 0:01:24]} 32... Rxc5+
{[%clk 0:00:59]} 33. Rxc5 {[%clk 0:01:49]} 33... Bxc5 { [%clk 0:01:26]} 34. g4
{[%clk 0:01:45]} 34... hxg4 {[%clk 0:00:41]} 35. fxg4 { [%clk 0:02:10]} 35...
Nxh4 {[%clk 0:01:04]} 36. Rxg7 {[%clk 0:02:34]} 36... Nf3 {[%clk 0:00:34]} 37.
Rg6 {[%clk 0:02:41]} 37... Nd4 {[%clk 0:00:39]} 38. Kc4 { [%clk 0:02:42]} 38...
Bb6 {[%clk 0:00:54]} 39. a4 {[%clk 0:02:52]} 39... Ba7 { [%clk 0:00:33]} 40. b4
{[%clk 0:02:53]} 40... Nf3 {[%clk 0:00:32]} 41. Rxe6+ { [%clk 0:03:16]} 41...
Kb7 {[%clk 0:00:56]} 42. Re7+ {[%clk 0:02:55]} 1-0

[Event "DEM U14 2019"]
[Site "Willingen GER"]
[Date "2019.06.12"]
[Round "5"]
[White "Weihrauch, Jakob"]
[Black "Eilenberg, Jonas"]
[Result "1/2-1/2"]
[Termination "normal"]
[Board "3"]
[WhiteElo "2158"]
[BlackElo "1934"]
[WhiteClock "00:30:53"]
[BlackClock "00:38:40"]
[PlyCount "59"]
[WhiteFideId "16210115"]
[BlackFideId "16204271"]
[EventCountry "GER"]
[EventRounds "9"]
[EventType "swiss"]
[EventDate "2019.06.08"]

1. e4 {[%clk 1:30:58]} 1... c5 {[%clk 1:30:52]} 2. Nf3 {[%clk 1:31:21]} 2...
Nc6 {[%clk 1:31:10]} 3. d4 {[%clk 1:30:50]} 3... cxd4 {[%clk 1:31:27]} 4. Nxd4
{[%clk 1:31:14]} 4... Nf6 {[%clk 1:31:46]} 5. Nc3 {[%clk 1:30:21]} 5... e5 {
[%clk 1:31:58]} 6. Ndb5 {[%clk 1:30:34]} 6... d6 {[%clk 1:32:00]} 7. Bg5 {
[%clk 1:30:07]} 7... a6 {[%clk 1:32:00]} 8. Na3 {[%clk 1:30:36]} 8... b5 {
[%clk 1:32:22]} 9. Nd5 {[%clk 1:30:51]} 9... Be7 {[%clk 1:32:42]} 10. Bxf6 {
[%clk 1:31:11]} 10... Bxf6 {[%clk 1:33:00]} 11. c3 {[%clk 1:31:26]} 11... O-O {
[%clk 1:32:18]} 12. Nc2 {[%clk 1:29:41]} 12... Rb8 {[%clk 1:32:26]} 13. Bd3 {
[%clk 1:26:46]} 13... Be6 {[%clk 1:26:55]} 14. Nce3 {[%clk 1:23:33]} 14... Bg5
{[%clk 1:24:48]} 15. O-O {[%clk 1:20:29]} 15... Ne7 {[%clk 1:17:54]} 16. Nxe7+
{[%clk 1:09:19]} 16... Qxe7 {[%clk 1:14:02]} 17. Qe2 {[%clk 1:09:19]} 17... g6
{[%clk 1:00:16]} 18. a4 {[%clk 1:02:09]} 18... f5 {[%clk 0:57:51]} 19. exf5 {
[%clk 0:55:09]} 19... gxf5 {[%clk 0:58:07]} 20. f4 {[%clk 0:49:54]} 20... Bxf4
{[%clk 0:53:30]} 21. axb5 {[%clk 0:43:06]} 21... Qa7 {[%clk 0:48:20]} 22. Rfe1
{[%clk 0:40:50]} 22... Qxe3+ {[%clk 0:48:05]} 23. Qxe3 {[%clk 0:41:12]} 23...
Bxe3+ {[%clk 0:48:33]} 24. Rxe3 {[%clk 0:41:33]} 24... f4 {[%clk 0:46:39]} 25.
Ree1 {[%clk 0:38:53]} 25... axb5 {[%clk 0:46:13]} 26. Ra6 {[%clk 0:38:10]}
26... Rfd8 {[%clk 0:44:26]} 27. g3 {[%clk 0:37:35]} 27... fxg3 {[%clk 0:44:03]}
28. hxg3 {[%clk 0:37:09]} 28... Rd7 {[%clk 0:41:07]} 29. Be4 {[%clk 0:31:45]}
29... b4 {[%clk 0:38:40]} 30. Rd1 {[%clk 0:30:53]} 1/2-1/2

[Event "DEM U14 2019"]
[Site "Willingen GER"]
[Date "2019.06.12"]
[Round "5"]
[White "Musiolik, David"]
[Black "von Krosigk, Florian"]
[Result "0-1"]
[Termination "normal"]
[Board "4"]
[WhiteElo "2132"]
[BlackElo "1926"]
[WhiteClock "00:21:14"]
[BlackClock "00:07:00"]
[PlyCount "102"]
[WhiteFideId "12972355"]
[BlackFideId "16227808"]
[EventCountry "GER"]
[EventRounds "9"]
[EventType "swiss"]
[EventDate "2019.06.08"]

1. e4 {[%clk 1:30:56]} 1... c5 {[%clk 1:30:55]} 2. Nf3 {[%clk 1:31:22]} 2... d6
{[%clk 1:31:19]} 3. d4 {[%clk 1:31:45]} 3... cxd4 {[%clk 1:31:43]} 4. Nxd4 {
[%clk 1:32:07]} 4... Nf6 {[%clk 1:32:05]} 5. Nc3 {[%clk 1:32:33]} 5... a6 {
[%clk 1:32:22]} 6. Be2 {[%clk 1:32:54]} 6... e5 {[%clk 1:31:49]} 7. Nb3 { [%clk
1:33:18]} 7... Be7 {[%clk 1:32:11]} 8. O-O {[%clk 1:33:38]} 8... O-O { [%clk
1:32:32]} 9. Re1 {[%clk 1:33:35]} 9... Be6 {[%clk 1:27:29]} 10. Bf3 { [%clk
1:33:03]} 10... Nc6 {[%clk 1:23:42]} 11. Nd5 {[%clk 1:30:30]} 11... a5 { [%clk
1:14:03]} 12. a4 {[%clk 1:24:29]} 12... Nb4 {[%clk 0:59:38]} 13. Nxb4 { [%clk
1:21:48]} 13... axb4 {[%clk 0:59:56]} 14. Bd2 {[%clk 1:21:24]} 14... d5 { [%clk
0:54:09]} 15. Bg5 {[%clk 1:10:59]} 15... Nxe4 {[%clk 0:37:42]} 16. Bxe7 { [%clk
1:10:22]} 16... Qxe7 {[%clk 0:35:37]} 17. Bxe4 {[%clk 1:10:41]} 17... dxe4
{[%clk 0:36:03]} 18. Rxe4 {[%clk 1:10:59]} 18... Qc7 {[%clk 0:32:07]} 19. Rxb4
{[%clk 1:08:33]} 19... Rac8 {[%clk 0:31:05]} 20. c3 {[%clk 1:07:30]} 20... Rfd8
{[%clk 0:30:57]} 21. Qf3 {[%clk 1:05:42]} 21... Bd5 {[%clk 0:30:52]} 22. Qe3
{[%clk 1:05:17]} 22... Qd6 {[%clk 0:28:56]} 23. f3 {[%clk 0:59:30]} 23... f6
{[%clk 0:20:53]} 24. Nd2 {[%clk 0:57:16]} 24... Bc6 {[%clk 0:08:03]} 25. Nc4
{[%clk 0:56:26]} 25... Qe6 {[%clk 0:06:38]} 26. a5 {[%clk 0:51:21]} 26... Rc7 {
[%clk 0:05:44]} 27. Nb6 {[%clk 0:50:50]} 27... f5 {[%clk 0:05:31]} 28. Re1 {
[%clk 0:47:04]} 28... e4 {[%clk 0:05:19]} 29. Rd4 {[%clk 0:47:21]} 29... Rf8 {
[%clk 0:04:16]} 30. Qf4 {[%clk 0:46:47]} 30... Rcf7 {[%clk 0:03:44]} 31. Nc4 {
[%clk 0:46:46]} 31... g5 {[%clk 0:02:34]} 32. Qd6 {[%clk 0:46:05]} 32... Qe8 {
[%clk 0:02:20]} 33. Qc5 {[%clk 0:45:27]} 33... Rc7 {[%clk 0:00:47]} 34. b4 {
[%clk 0:37:21]} 34... Qf7 {[%clk 0:00:35]} 35. Nd6 {[%clk 0:35:00]} 35... Qg7 {
[%clk 0:00:43]} 36. b5 {[%clk 0:31:53]} 36... Be8 {[%clk 0:00:33]} 37. Qd5+ {
[%clk 0:25:58]} 37... Bf7 {[%clk 0:00:36]} 38. Qxf5 {[%clk 0:26:08]} 38... Rxc3
{[%clk 0:00:34]} 39. Qxe4 {[%clk 0:25:34]} 39... Ra3 {[%clk 0:00:41]} 40. Nf5 {
[%clk 0:21:55]} 40... Qf6 {[%clk 0:00:39]} 41. Rd6 {[%clk 0:18:43]} 41... Qc3 {
[%clk 0:30:30]} 42. a6 {[%clk 0:33:07]} 42... bxa6 {[%clk 0:18:15]} 43. bxa6 {
[%clk 0:32:24]} 43... Ra1 {[%clk 0:17:04]} 44. Ne7+ {[%clk 0:25:01]} 44... Kg7
{[%clk 0:14:34]} 45. Rxa1 {[%clk 0:23:34]} 45... Qxa1+ {[%clk 0:15:03]} 46. Kf2
{[%clk 0:23:53]} 46... Re8 {[%clk 0:13:52]} 47. Kg3 {[%clk 0:22:02]} 47... Kf8
{[%clk 0:09:28]} 48. Rd7 {[%clk 0:21:12]} 48... Qxa6 {[%clk 0:06:45]} 49. Qe5 {
[%clk 0:21:14]} 49... Qe6 {[%clk 0:06:03]} 50. Qh8+ {[%clk 0:21:11]} 50... Bg8
{[%clk 0:06:32]} 51. Nxg8 {[%clk 0:21:14]} 51... Qe1+ {[%clk 0:07:00]} 0-1

[Event "DEM U14 2019"]
[Site "Willingen GER"]
[Date "2019.06.12"]
[Round "5"]
[White "Lutz, Ruben"]
[Black "Elsner, Robert"]
[Result "1-0"]
[Termination "normal"]
[Board "5"]
[WhiteElo "2055"]
[BlackElo "1745"]
[WhiteClock "00:18:55"]
[BlackClock "00:14:12"]
[PlyCount "57"]
[WhiteFideId "12975974"]
[BlackFideId "16246390"]
[EventCountry "GER"]
[EventRounds "9"]
[EventType "swiss"]
[EventDate "2019.06.08"]

1. d4 {[%clk 1:30:58]} 1... Nf6 {[%clk 1:30:54]} 2. Bf4 {[%clk 1:31:21]} 2...
g6 {[%clk 1:30:31]} 3. Nc3 {[%clk 1:31:23]} 3... Bg7 {[%clk 1:30:29]} 4. e4 {
[%clk 1:31:39]} 4... d6 {[%clk 1:30:56]} 5. Qd2 {[%clk 1:31:58]} 5... Nbd7 {
[%clk 1:31:16]} 6. O-O-O {[%clk 1:30:48]} 6... O-O {[%clk 1:24:39]} 7. Nf3 {
[%clk 1:30:55]} 7... c5 {[%clk 1:15:40]} 8. dxc5 {[%clk 1:30:30]} 8... Nxc5 {
[%clk 1:13:09]} 9. e5 {[%clk 1:30:46]} 9... Nfe4 {[%clk 1:13:09]} 10. Nxe4 {
[%clk 1:31:10]} 10... Nxe4 {[%clk 1:13:37]} 11. Qe3 {[%clk 1:31:33]} 11... d5 {
[%clk 1:13:35]} 12. Kb1 {[%clk 1:31:22]} 12... f6 {[%clk 0:51:01]} 13. Bc4 {
[%clk 0:52:40]} 13... e6 {[%clk 0:50:40]} 14. exf6 {[%clk 0:43:29]} 14... Bxf6
{[%clk 0:49:39]} 15. Bd3 {[%clk 0:38:47]} 15... Nd6 {[%clk 0:32:17]} 16. Be5 {
[%clk 0:36:48]} 16... Nf5 {[%clk 0:30:02]} 17. Bxf5 {[%clk 0:34:01]} 17... gxf5
{[%clk 0:30:05]} 18. Rhe1 {[%clk 0:33:37]} 18... Bd7 {[%clk 0:29:25]} 19. Bxf6
{[%clk 0:32:06]} 19... Qxf6 {[%clk 0:29:41]} 20. Qe5 {[%clk 0:31:16]} 20...
Rae8 {[%clk 0:29:21]} 21. Nd4 {[%clk 0:29:57]} 21... Qxe5 {[%clk 0:29:18]} 22.
Rxe5 {[%clk 0:30:20]} 22... b5 {[%clk 0:21:57]} 23. Rd3 {[%clk 0:28:52]} 23...
Kf7 {[%clk 0:21:43]} 24. Ra3 {[%clk 0:27:56]} 24... Ra8 {[%clk 0:22:04]} 25.
Ra6 {[%clk 0:26:20]} 25... Rfe8 26. c3 {[%clk 0:23:07]} 26... Rg8 { [%clk
0:17:09]} 27. g3 {[%clk 0:22:46]} 27... Rg6 {[%clk 0:16:32]} 28. Rd6 { [%clk
0:21:15]} 28... Ke7 {[%clk 0:14:12]} 29. Rdxd5 {[%clk 0:18:55]} 1-0

[Event "DEM U14 2019"]
[Site "Willingen GER"]
[Date "2019.06.12"]
[Round "5"]
[White "Röhr, Oliver"]
[Black "Gallasch, Jonas"]
[Result "1/2-1/2"]
[Termination "normal"]
[Board "6"]
[WhiteElo "1960"]
[BlackElo "2137"]
[WhiteClock "00:12:17"]
[BlackClock "00:11:42"]
[PlyCount "111"]
[WhiteFideId "12987697"]
[BlackFideId "16222474"]
[EventCountry "GER"]
[EventRounds "9"]
[EventType "swiss"]
[EventDate "2019.06.08"]

1. e4 {[%clk 1:30:57]} 1... c6 {[%clk 1:30:51]} 2. d4 {[%clk 1:31:23]} 2... d5
{[%clk 1:31:16]} 3. e5 {[%clk 1:31:49]} 3... Bf5 {[%clk 1:31:18]} 4. h4 { [%clk
1:32:00]} 4... h5 {[%clk 1:31:31]} 5. Bd3 {[%clk 1:32:15]} 5... Bxd3 { [%clk
1:31:41]} 6. Qxd3 {[%clk 1:32:39]} 6... e6 {[%clk 1:31:57]} 7. Bg5 { [%clk
1:32:20]} 7... Qb6 {[%clk 1:31:41]} 8. Nd2 {[%clk 1:31:39]} 8... Ne7 { [%clk
1:29:06]} 9. Ne2 {[%clk 1:22:28]} 9... Nd7 {[%clk 1:27:59]} 10. O-O { [%clk
1:01:19]} 10... c5 {[%clk 1:23:38]} 11. c3 {[%clk 0:59:19]} 11... Nc6 { [%clk
1:12:48]} 12. Nf3 {[%clk 0:55:28]} 12... Rb8 {[%clk 1:07:56]} 13. Nf4 { [%clk
0:46:19]} 13... Be7 {[%clk 0:59:26]} 14. Rfb1 {[%clk 0:26:48]} 14... cxd4
{[%clk 0:57:37]} 15. cxd4 {[%clk 0:24:55]} 15... Bxg5 {[%clk 0:34:33]} 16. hxg5
{[%clk 0:24:09]} 16... Nb4 {[%clk 0:34:49]} 17. Qd2 {[%clk 0:22:38]} 17... g6 {
[%clk 0:34:33]} 18. a3 {[%clk 0:21:27]} 18... Nc6 {[%clk 0:34:44]} 19. b4 {
[%clk 0:20:58]} 19... Kf8 {[%clk 0:30:54]} 20. b5 {[%clk 0:19:13]} 20... Ne7 {
[%clk 0:29:47]} 21. Qb4 {[%clk 0:18:54]} 21... a5 {[%clk 0:27:12]} 22. bxa6 {
[%clk 0:18:10]} 22... bxa6 {[%clk 0:27:28]} 23. Qe1 {[%clk 0:15:22]} 23... Qa7
{[%clk 0:27:12]} 24. Rxb8+ {[%clk 0:14:46]} 24... Nxb8 {[%clk 0:27:29]} 25. Nd3
{[%clk 0:08:45]} 25... Nbc6 {[%clk 0:26:44]} 26. Qc3 {[%clk 0:06:54]} 26... Kg7
{[%clk 0:25:46]} 27. Rb1 {[%clk 0:05:40]} 27... Rc8 {[%clk 0:25:33]} 28. Qc5 {
[%clk 0:03:36]} 28... Qxc5 {[%clk 0:18:29]} 29. dxc5 {[%clk 0:02:50]} 29... Rb8
{[%clk 0:15:48]} 30. Rxb8 {[%clk 0:03:02]} 30... Nxb8 {[%clk 0:16:13]} 31. Nd4
{[%clk 0:01:59]} 31... Nec6 {[%clk 0:16:06]} 32. Nb3 {[%clk 0:01:41]} 32... Kf8
{[%clk 0:15:44]} 33. f4 {[%clk 0:01:55]} 33... Ke8 {[%clk 0:15:40]} 34. Kf2 {
[%clk 0:02:18]} 34... Kd8 {[%clk 0:14:26]} 35. Ke3 {[%clk 0:02:36]} 35... Kc7 {
[%clk 0:14:08]} 36. g3 {[%clk 0:02:56]} 36... Ne7 {[%clk 0:11:31]} 37. Nb4 {
[%clk 0:01:32]} 37... Nec6 {[%clk 0:09:20]} 38. Nxc6 {[%clk 0:01:20]} 38...
Nxc6 {[%clk 0:09:36]} 39. Kd3 {[%clk 0:01:13]} 39... Kd7 {[%clk 0:04:27]} 40.
Kc3 {[%clk 0:00:50]} 40... Kc7 {[%clk 0:03:35]} 41. Kd3 {[%clk 0:25:35]} 41...
Kb7 {[%clk 0:30:13]} 42. Kc3 {[%clk 0:24:42]} 42... Na7 {[%clk 0:29:19]} 43.
Nd4 {[%clk 0:18:41]} 43... Nc6 {[%clk 0:21:20]} 44. Nb3 {[%clk 0:17:51]} 44...
a5 {[%clk 0:17:50]} 45. a4 {[%clk 0:16:31]} 45... Ka6 {[%clk 0:17:46]} 46. Nd4
{[%clk 0:15:35]} 46... Ne7 {[%clk 0:13:09]} 47. Kd3 {[%clk 0:12:51]} 47... Kb7
{[%clk 0:12:53]} 48. Kc3 {[%clk 0:12:22]} 48... Kc7 {[%clk 0:11:40]} 49. Kd3 {
[%clk 0:12:03]} 49... Kd7 {[%clk 0:10:41]} 50. Kc3 {[%clk 0:11:22]} 50... Nf5 {
[%clk 0:09:36]} 51. Nxf5 {[%clk 0:10:54]} 51... gxf5 {[%clk 0:10:00]} 52. Kd3 {
[%clk 0:11:01]} 52... Kc7 {[%clk 0:10:25]} 53. Kc3 {[%clk 0:11:16]} 53... Kb7 {
[%clk 0:10:51]} 54. Kd3 {[%clk 0:11:35]} 54... Kc6 {[%clk 0:11:17]} 55. Kd4 {
[%clk 0:11:57]} 55... Kd7 {[%clk 0:11:42]} 56. Kd3 {[%clk 0:12:17]} 1/2-1/2

[Event "DEM U14 2019"]
[Site "Willingen GER"]
[Date "2019.06.12"]
[Round "5"]
[White "Deutsch, Christoph"]
[Black "Arakelian, Aik"]
[Result "1/2-1/2"]
[Termination "normal"]
[Board "7"]
[WhiteElo "1937"]
[BlackElo "1911"]
[WhiteClock "00:25:10"]
[BlackClock "00:27:09"]
[PlyCount "109"]
[WhiteFideId "16206878"]
[BlackFideId "16220340"]
[EventCountry "GER"]
[EventRounds "9"]
[EventType "swiss"]
[EventDate "2019.06.08"]

1. e4 {[%clk 1:30:57]} 1... c5 {[%clk 1:30:30]} 2. Nf3 {[%clk 1:31:20]} 2... a6
{[%clk 1:30:48]} 3. c4 {[%clk 1:27:50]} 3... Nc6 {[%clk 1:31:07]} 4. d4 { [%clk
1:25:35]} 4... cxd4 {[%clk 1:30:56]} 5. Nxd4 {[%clk 1:25:58]} 5... Nf6 { [%clk
1:31:17]} 6. Nc3 {[%clk 1:26:04]} 6... e5 {[%clk 1:31:39]} 7. Nc2 { [%clk
1:24:24]} 7... Bc5 {[%clk 1:29:28]} 8. Be2 {[%clk 1:21:48]} 8... d6 { [%clk
1:28:43]} 9. O-O {[%clk 1:19:49]} 9... h6 {[%clk 1:26:44]} 10. Qd3 { [%clk
1:17:47]} 10... O-O {[%clk 1:25:12]} 11. Be3 {[%clk 1:17:04]} 11... Be6 { [%clk
1:23:18]} 12. h3 {[%clk 1:09:33]} 12... Rc8 {[%clk 1:16:02]} 13. b3 { [%clk
1:06:51]} 13... Nd7 {[%clk 1:11:23]} 14. Bxc5 {[%clk 0:51:46]} 14... Nxc5
{[%clk 1:09:01]} 15. Qd2 {[%clk 0:47:44]} 15... f5 {[%clk 1:07:58]} 16. Rad1 {
[%clk 0:43:18]} 16... f4 {[%clk 1:00:55]} 17. Qxd6 {[%clk 0:38:35]} 17... Qg5 {
[%clk 0:55:48]} 18. Bg4 {[%clk 0:32:31]} 18... Bxg4 {[%clk 0:54:36]} 19. hxg4 {
[%clk 0:32:08]} 19... b6 {[%clk 0:54:12]} 20. Qd5+ {[%clk 0:29:27]} 20... Kh8 {
[%clk 0:53:10]} 21. f3 {[%clk 0:28:52]} 21... h5 {[%clk 0:47:03]} 22. gxh5 {
[%clk 0:25:12]} 22... Rf6 {[%clk 0:46:21]} 23. b4 {[%clk 0:23:41]} 23... Ne7 {
[%clk 0:36:56]} 24. Qd2 {[%clk 0:23:29]} 24... Ne6 {[%clk 0:36:21]} 25. Nd5 {
[%clk 0:22:47]} 25... Rh6 {[%clk 0:33:35]} 26. Nxb6 {[%clk 0:21:46]} 26... Rd8
{[%clk 0:32:34]} 27. Qe2 {[%clk 0:19:07]} 27... Qxh5 {[%clk 0:24:35]} 28. Rxd8+
{[%clk 0:19:10]} 28... Nxd8 {[%clk 0:25:04]} 29. Qd2 {[%clk 0:19:19]} 29...
Qh2+ {[%clk 0:21:46]} 30. Kf2 {[%clk 0:19:41]} 30... Qg3+ {[%clk 0:21:48]} 31.
Ke2 {[%clk 0:20:04]} 31... Nf7 {[%clk 0:19:26]} 32. Nd5 {[%clk 0:19:45]} 32...
Rh2 {[%clk 0:18:56]} 33. Ne1 {[%clk 0:15:54]} 33... Nc6 {[%clk 0:18:52]} 34.
Kd1 {[%clk 0:16:06]} 34... Nd6 {[%clk 0:17:58]} 35. Nb6 {[%clk 0:13:30]} 35...
Nd4 {[%clk 0:16:08]} 36. c5 {[%clk 0:13:16]} 36... N6b5 {[%clk 0:12:06]} 37.
Nc4 {[%clk 0:12:03]} 37... Qg5 {[%clk 0:10:46]} 38. Rf2 {[%clk 0:11:29]} 38...
Rh1 {[%clk 0:08:20]} 39. Kc1 {[%clk 0:11:09]} 39... Qe7 {[%clk 0:05:19]} 40.
Kb2 {[%clk 0:10:50]} 40... Qe6 {[%clk 0:03:45]} 41. Na5 {[%clk 0:07:01]} 41...
g5 {[%clk 0:30:07]} 42. Nb3 {[%clk 0:35:03]} 42... Nxb3 {[%clk 0:28:22]} 43.
axb3 {[%clk 0:35:13]} 43... Nd4 {[%clk 0:28:46]} 44. Qc3 {[%clk 0:31:58]} 44...
Rxe1 {[%clk 0:29:04]} 45. Qxe1 {[%clk 0:32:21]} 45... Qxb3+ {[%clk 0:29:30]}
46. Kc1 {[%clk 0:32:35]} 46... Qa3+ {[%clk 0:29:33]} 47. Kb1 {[%clk 0:30:09]}
47... Qd3+ {[%clk 0:28:06]} 48. Ka1 {[%clk 0:27:11]} 48... Nc2+ {[%clk 0:27:43]
} 49. Rxc2 {[%clk 0:27:32]} 49... Qxc2 {[%clk 0:28:02]} 50. Qb1 {[%clk 0:25:57]
} 50... Qa4+ {[%clk 0:28:22]} 51. Qa2 {[%clk 0:26:18]} 51... Qxb4 { [%clk
0:27:46]} 52. Qc2 {[%clk 0:24:48]} 52... Qa3+ {[%clk 0:26:19]} 53. Kb1 { [%clk
0:25:03]} 53... Qb4+ {[%clk 0:26:45]} 54. Ka2 {[%clk 0:25:14]} 54... Qa5+
{[%clk 0:27:09]} 55. Kb2 {[%clk 0:25:10]} 1/2-1/2

[Event "DEM U14 2019"]
[Site "Willingen GER"]
[Date "2019.06.12"]
[Round "5"]
[White "Hetzner, Hannes"]
[Black "Evering, Sören"]
[Result "1-0"]
[Termination "normal"]
[Board "8"]
[WhiteElo "2001"]
[BlackElo "1879"]
[WhiteClock "00:25:12"]
[BlackClock "00:06:21"]
[PlyCount "71"]
[WhiteFideId "16211936"]
[BlackFideId "12974650"]
[EventCountry "GER"]
[EventRounds "9"]
[EventType "swiss"]
[EventDate "2019.06.08"]

1. e4 {[%clk 1:30:57]} 1... e5 {[%clk 1:30:54]} 2. Nf3 {[%clk 1:31:18]} 2...
Nc6 {[%clk 1:31:18]} 3. d4 {[%clk 1:31:42]} 3... exd4 {[%clk 1:31:40]} 4. Nxd4
{[%clk 1:32:03]} 4... Bb4+ {[%clk 1:31:51]} 5. c3 {[%clk 1:31:19]} 5... Bc5 {
[%clk 1:32:08]} 6. Be3 {[%clk 1:30:44]} 6... Bb6 {[%clk 1:32:16]} 7. Nf5 {
[%clk 1:29:57]} 7... Bxe3 {[%clk 1:30:59]} 8. Nxe3 {[%clk 1:24:34]} 8... Nf6 {
[%clk 1:29:06]} 9. f3 {[%clk 1:24:19]} 9... O-O {[%clk 1:29:03]} 10. c4 { [%clk
1:24:06]} 10... d6 {[%clk 1:28:49]} 11. Nc3 {[%clk 1:24:02]} 11... Bd7 { [%clk
1:27:17]} 12. Be2 {[%clk 1:22:39]} 12... a6 {[%clk 1:25:33]} 13. O-O { [%clk
1:21:12]} 13... Re8 {[%clk 1:20:24]} 14. Qd2 {[%clk 1:16:20]} 14... Ne5 { [%clk
1:19:15]} 15. a4 {[%clk 1:12:22]} 15... Rb8 {[%clk 1:10:22]} 16. a5 { [%clk
1:08:49]} 16... Ng6 {[%clk 1:07:37]} 17. Rfd1 {[%clk 0:53:42]} 17... Nf4 {[%clk
0:52:21]} 18. Bf1 {[%clk 0:52:30]} 18... N6h5 {[%clk 0:46:50]} 19. Ned5 {[%clk
0:44:18]} 19... Qg5 {[%clk 0:28:26]} 20. g3 {[%clk 0:30:18]} 20... Nxg3 {[%clk
0:14:17]} 21. hxg3 {[%clk 0:30:24]} 21... Qxg3+ {[%clk 0:14:31]} 22. Bg2 {[%clk
0:30:37]} 22... Nh3+ {[%clk 0:13:24]} 23. Kf1 {[%clk 0:30:19]} 23... Qh2 {[%clk
0:12:06]} 24. Bxh3 {[%clk 0:26:59]} 24... Bxh3+ {[%clk 0:11:24]} 25. Ke1 {[%clk
0:27:22]} 25... Qg1+ {[%clk 0:09:27]} 26. Ke2 {[%clk 0:27:41]} 26... Qg2+
{[%clk 0:09:09]} 27. Ke3 {[%clk 0:27:45]} 27... Qg5+ {[%clk 0:07:23]} 28. Kd3
{[%clk 0:27:32]} 28... Qh5 {[%clk 0:06:38]} 29. Qf4 {[%clk 0:24:56]} 29... c6
{[%clk 0:04:58]} 30. Nf6+ {[%clk 0:22:59]} 30... gxf6 {[%clk 0:05:24]} 31. Rg1+
{[%clk 0:23:19]} 31... Kf8 {[%clk 0:05:39]} 32. Qxd6+ {[%clk 0:23:41]} 32...
Re7 {[%clk 0:05:52]} 33. Qxb8+ {[%clk 0:24:04]} 33... Re8 {[%clk 0:05:46] } 34.
Rg8+ {[%clk 0:24:24]} 34... Kxg8 {[%clk 0:06:08]} 35. Qxe8+ { [%clk 0:24:50]}
35... Kg7 {[%clk 0:06:21]} 36. Rg1+ {[%clk 0:25:12]} 1-0